000 00291nam a2200109 a 4500
005 20201002044923.0
008 140403s1971 000 spa d
100 _aTagore, Rabindranath
_943058
245 3 _aLa casa y el mundo.
260 _aMadrid -- Libra,
_c1971 -- 172 p.
999 _c43178
_d43178
040 _aDO-SdBNP